ბათუმის შოთა რუსთაველის სახელმწიფო უნივერსიტეტის ბიბლიოთეკა

თეთრი მიწა : (ბიბ.ჩანაწერი № 40107)

000 -ლიდერი
ფიქსირებული სიგრძის საკონტროლო ველი 00870nam a2200217Ia 4500
001 - საკონტროლო ნომერი
საკონტროლო ველი 6713
003 - საკონტროლო ნომრის იდენტიფიკატორი
საკონტროლო ველი GE_BSU
005 - ბოლო ოპერაციის თარიღი და დრო
საკონტროლო ველი 20191211122727.0
008 - ფიქსირებული სიგრძის მონაცემთა ელემენტები - ზოგადი ინფორმაცია
ფიქსირებული სიგრძის საკონტროლო ველი 181216s1972||||g |||||||||||||| ||geo||
040 ## - კატალოგიზაციის წყარო
Transcribing agency GE_BSU
041 ## - ენის კოდი
Language code of text/sound track or separate title geo
080 ## - უნივერსალური ათობითი კლასიფიკაციის ინდექსი
Universal Decimal Classification number 821.353.1-1 გ-30
100 ## - მთავარი ჩანაწერი - პიროვნების სახელი
Personal name გელოვანი, მირზა.
9 (RLIN) 5783
245 ## - ცნობა სათაურის შესახებ
Title თეთრი მიწა :
Remainder of title ომის ლირიკა /
Statement of responsibility, etc მირზა გელოვანი ; რედ. დავით ციგორიშვილი.
264 ## - წარმოების, გამოცემის, დისტრიბუციის და სხვა ცნობები
გამოცემის, წარმოების, დისტრიბუციის... ადგილი თბილისი :
გამოცემის, წარმოების, დისტრიბუციის... სახელწოდება საბჭ.საქართველო,
გამოცემის, წარმოების, დისტრიბუციის... თარიღი 1972.
300 ## - ფიზიკური აღწერა
Extent 324 გვ. :
Other physical details ფოტო ;
Dimensions 17 სმ.
653 ## - INDEX TERM--UNCONTROLLED
Uncontrolled term თეთრი მიწა
653 ## - INDEX TERM--UNCONTROLLED
Uncontrolled term ომის ლირიკა
700 ## - ADDED ENTRY--PERSONAL NAME
Personal name სულაკაური, არჩილ
Relator term რედაქტორი
9 (RLIN) 5579
942 ## - ADDED ENTRY ELEMENTS (KOHA)
Koha item type წიგნი
Source of classification or shelving scheme
ეგზემპლარები
ჩამოწერის სტატუსი დაკარგული ეგზემპლარის სტატუსი კლასიფიკაციის წყარო ან თაროზე გაწყობის სქემა დაზიანების სტატუსი არ გაიცემა მუდმივი მდებარეობა (დაცვის ადგილი) ამჟამინდელი ადგილსამყოფელი თაროზე განთავსების ადგილი შეძენის თარიღი ღირებულება, შესყიდვის ნორმალური ფასი სრული შენახვის შიფრი შტრიხკოდი ბოლო ოპერაციის თარიღი ეგზემპლარის მიმდევრობითი ნომერი (კეტერი?) ფასის ძალაში შესვლის თარიღი ეგზემპლარის სახეობა საჯარო შენიშვნა
          ბათუმის შოთა რუსთაველის სახელმწიფო უნივერსიტეტის მთავარი ბიბლიოთეკა ბათუმის შოთა რუსთაველის სახელმწიფო უნივერსიტეტის მთავარი ბიბლიოთეკა წიგნსაცავი 2018-12-17 1.98 821.353.1-1 გ-30 14491 2018-12-17 14491 2018-12-17 წიგნი 1.98 ლ.
          ბათუმის შოთა რუსთაველის სახელმწიფო უნივერსიტეტის მთავარი ბიბლიოთეკა ბათუმის შოთა რუსთაველის სახელმწიფო უნივერსიტეტის მთავარი ბიბლიოთეკა წიგნსაცავი 2018-12-17 1.98 821.353.1-1 გ-30 14492 2018-12-17 14492 2018-12-17 წიგნი 1.98 ლ.